| 000 | 00709nam a22002777a 4500 | ||
|---|---|---|---|
| 003 | UA-OsUOA | ||
| 001 | 21592 | ||
| 007 | ta | ||
| 008 | 20031211b un ||||| |||| 00| 0 ukr d | ||
| 100 | _aФіліпенко А.С. | ||
| 700 | _aВергун В.А. | ||
| 700 | _aБураківський І.В. | ||
| 090 |
_a339.9(075.8) _bЕ40 |
||
| 942 | _cBK | ||
| 040 |
_aUA-OsUOA _bukr _cUA-OsUOA _dUA-OsUOA |
||
| 245 |
_aЕкономіка зарубіжних країн _bПідручник |
||
| 300 | _a416 с. | ||
| 955 | _a0 | ||
| 041 | _aukr | ||
| 080 | _a339.9(075.8) | ||
| 020 | _a5-325-00622-3 | ||
| 260 |
_aКиїв _bЛибідь _c1996 |
||
| 044 | _aUA | ||
| 650 | 7 | _2UDC | |
| 999 |
_c307796 _d307796 |
||